[Event "Caioba Telecom op"]
[Site "Caioba"]
[Date "2018.08.02"]
[Round "4"]
[White "Raimundo, Airton Carlos Nunes"]
[Black "Leszczynski, Taynara"]
[Result "1-0"]
[WhiteElo "2057"]
[BlackElo "1662"]
[PlyCount "73"]
[EventDate "2018.08.01"]
[EventType "swiss"]
[EventRounds "9"]
[EventCountry "BRA"]
[SourceTitle "CBM 186 Extra"]
[Source "ChessBase"]
[SourceDate "2018.08.24"]
[SourceVersion "1"]
[SourceVersionDate "2018.08.24"]
[SourceQuality "1"]

1. e4 c5 2. Nf3 d6 3. d4 cxd4 4. Nxd4 Nf6 5. Nc3 a6 6. Bg5 e6 7. f4 Be7 8. Qf3 Qb6 9. 0-0-0 h6 10. Bh4 Nc6 11. Nxc6 Qxc6 12. e5 Qxf3 13. gxf3 dxe5 14. fxe5 Nd7 15. Bxe7 Kxe7 16. f4 b5 17. Bg2 Ra7 18. h4 h5 19. Rd6 Nc5 20. Rhd1 Rd7 21. b4 Na4 22. Nxa4 bxa4 23. Bc6 Rc7 24. Bxa4 g6 25. Bc6 Rf8 26. a4 f6 27. b5 axb5 28. axb5 Kf7 29. b6 Re7 30. Rd8 Bb7 31. Rxf8+ Kxf8 32. exf6 Bxc6 33. fxe7+ Kxe7 34. c4 Be4 35. c5 Bd5 36. Rxd5 exd5 37. b7 1-0

[Event "BRA-ch U26 (Women)"]
[Site "Goiania"]
[Date "2017.10.20"]
[Round "2"]
[White "Assuncao, Darlane Brito"]
[Black "Leszczynski, Taynara"]
[Result "1-0"]
[WhiteElo "1798"]
[BlackElo "1645"]
[PlyCount "55"]
[EventDate "2017.10.19"]
[EventType "swiss"]
[EventRounds "7"]
[EventCountry "BRA"]
[SourceTitle "CBM 181 Extra"]
[Source "ChessBase"]
[SourceDate "2017.12.12"]
[SourceVersion "1"]
[SourceVersionDate "2017.12.12"]
[SourceQuality "1"]

1. Nf3 Nf6 2. d4 d5 3. g3 e6 4. Bg2 c5 5. c4 dxc4 6. Qa4+ Qd7 7. Qxc4 cxd4 8. Nxd4 a6 9. 0-0 Be7 10. Nc3 0-0 11. Rd1 Qd6 12. Nb3 Qb4 13. Qd3 h6 14. Qc2 Nbd7 15. Rd4 Qb6 16. Be3 Qc7 17. Qd2 e5 18. Rh4 Nh7 19. Nd5 Qd8 20. Nxe7+ Qxe7 21. Rc1 Rd8 22. Rc7 Qe8 23. Qc1 Rb8 24. Bxh6 gxh6 25. Qxh6 Ndf6 26. Be4 Qf8 27. Bxh7+ Kh8 28. Qxf6+ 1-0

[Event "Parana-ch (Women)"]
[Site "Pirai do Sul"]
[Date "2017.01.30"]
[Round "6"]
[White "Gimni, Jaqueline"]
[Black "Leszczynski, Taynara"]
[Result "0-1"]
[WhiteElo "1778"]
[BlackElo "1676"]
[PlyCount "78"]
[EventDate "2017.01.28"]
[EventType "swiss"]
[EventRounds "6"]
[EventCountry "BRA"]
[SourceTitle "CBM 176 Extra"]
[Source "ChessBase"]
[SourceDate "2017.03.02"]
[SourceVersion "1"]
[SourceVersionDate "2017.03.02"]
[SourceQuality "1"]

1. e4 c5 2. Nf3 d6 3. Bb5+ Bd7 4. Bxd7+ Qxd7 5. 0-0 Nf6 6. Nc3 Nc6 7. d4 cxd4 8. Nxd4 a6 9. f3 g6 10. Be3 Bg7 11. Nce2 0-0 12. c3 e5 13. Nb3 d5 14. Ng3 dxe4 15. Qxd7 Nxd7 16. Nxe4 f5 17. Nec5 Nxc5 18. Nxc5 Rf7 19. Rad1 Bf8 20. Rd2 Bxc5 21. Bxc5 Rd8 22. Rfd1 Rxd2 23. Rxd2 Rc7 24. Kf2 Kf7 25. h3 Nb8 26. Ke2 Rxc5 27. Rd8 Nc6 28. Rd7+ Kf6 29. Rxb7 Rb5 30. Rxb5 axb5 31. Kd3 Kf7 32. b3 Ke6 33. Ke3 Kd5 34. Kd3 Na5 35. Ke3 g5 36. g3 Nb7 37. f4 gxf4+ 38. gxf4 e4 39. b4 Kc4 0-1

[Event "Parana-ch (Women)"]
[Site "Pirai do Sul"]
[Date "2017.01.29"]
[Round "4"]
[White "Souza, Kim Garcia De"]
[Black "Leszczynski, Taynara"]
[Result "1/2-1/2"]
[WhiteElo "1732"]
[BlackElo "1676"]
[PlyCount "115"]
[EventDate "2017.01.28"]
[EventType "swiss"]
[EventRounds "6"]
[EventCountry "BRA"]
[SourceTitle "CBM 176 Extra"]
[Source "ChessBase"]
[SourceDate "2017.03.02"]
[SourceVersion "1"]
[SourceVersionDate "2017.03.02"]
[SourceQuality "1"]

1. b4 c6 2. Bb2 Qb6 3. a3 a5 4. Nc3 axb4 5. axb4 Rxa1 6. Qxa1 Nf6 7. Na4 Qc7 8. Nf3 Na6 9. Bc3 d6 10. e3 b5 11. Nb2 e5 12. Be2 Be7 13. 0-0 0-0 14. Rb1 Bb7 15. Nd1 Ra8 16. Qb2 h6 17. d3 Nb8 18. Bd2 Nbd7 19. c4 bxc4 20. dxc4 Rb8 21. Nc3 Ba8 22. Qa1 d5 23. b5 e4 24. Nd4 dxc4 25. bxc6 Rxb1+ 26. Qxb1 Bxc6 27. Bxc4 Ng4 28. Nxc6 Qxc6 29. Qxe4 Qd6 30. Nd5 Nge5 31. Bb3 Nc5 32. Nxe7+ Qxe7 33. Qa8+ Kh7 34. Bc2+ g6 35. Bc3 f6 36. Bb4 Ned7 37. Qc6 Kg7 38. h3 h5 39. Qc7 Qe5 40. Qa5 Qb2 41. Ba4 Qa1+ 42. Kh2 Nxa4 43. Qa7 Qe5+ 44. f4 Qb5 45. Bd2 Nab6 46. Ba5 Kh6 47. Bxb6 Nxb6 48. Qf7 Qd7 49. Qxf6 Nd5 50. Qe5 Kh7 51. Qd4 Qe6 52. Qa7+ Qe7 53. Qxe7+ Nxe7 54. g4 hxg4 55. hxg4 Nd5 56. Kg3 Nxe3 57. Kf3 Nd5 58. Ke4 1/2-1/2

[Event "Caioba Telecom op"]
[Site "Caioba"]
[Date "2016.08.28"]
[Round "6"]
[White "Szuba, Joao Gabriel Muniz"]
[Black "Leszczynski, Taynara"]
[Result "1/2-1/2"]
[WhiteElo "1800"]
[BlackElo "1665"]
[PlyCount "85"]
[EventDate "2016.08.26"]
[EventType "swiss"]
[EventRounds "6"]
[EventCountry "BRA"]
[SourceTitle "CBM 174 Extra"]
[Source "ChessBase"]
[SourceDate "2016.10.10"]
[SourceVersion "1"]
[SourceVersionDate "2016.10.10"]
[SourceQuality "1"]

1. d4 c5 2. d5 d6 3. c4 Nf6 4. Nc3 e5 5. e4 Be7 6. Bd3 a6 7. Be3 Ng4 8. Bd2 0-0 9. h3 Nf6 10. Nge2 Ne8 11. Qc2 g6 12. 0-0-0 Ng7 13. g4 Nd7 14. Kb1 Bg5 15. Bxg5 Qxg5 16. Rdg1 Qd8 17. f3 Nf6 18. Qd2 Bd7 19. h4 h5 20. gxh5 Nfxh5 21. Ng3 Kh7 22. Nxh5 Nxh5 23. Be2 Nf4 24. Rg3 f6 25. Nd1 Nh5 26. Rgg1 f5 27. Nf2 f4 28. Nh3 Bxh3 29. Rxh3 Qd7 30. Rh2 b5 31. Rhg2 Rg8 32. Bf1 b4 33. Rg5 Kh6 34. Qg2 Qf7 35. Qh2 Rg7 36. Bh3 Ra7 37. Be6 Qf6 38. R1g4 a5 39. Rg1 a4 40. Bh3 a3 41. b3 Ng3 42. Bg4 Nh5 43. Rg2 1/2-1/2

[Event "Curitiba op"]
[Site "Curitiba"]
[Date "2016.04.24"]
[Round "7.25"]
[White "Leszczynski, Taynara"]
[Black "Weise, William Ferreira"]
[Result "0-1"]
[WhiteElo "1672"]
[BlackElo "1860"]
[PlyCount "96"]
[EventDate "2016.04.21"]
[EventType "swiss"]
[EventRounds "7"]
[EventCountry "BRA"]
[SourceTitle "EXT 2022"]
[Source "ChessBase"]
[SourceDate "2021.10.06"]
[SourceVersion "1"]
[SourceVersionDate "2021.10.06"]
[SourceQuality "1"]

1. e4 e6 2. d4 d5 3. exd5 exd5 4. Bd3 Bd6 5. Nf3 Bg4 6. h3 Bh5 7. 0-0 Nd7 8. Be3 c6 9. c3 Qc7 10. Nbd2 Ne7 11. b4 h6 12. a4 f5 13. Nb3 g5 14. Be2 Rg8 15. Ne1 g4 16. hxg4 Bxg4 17. Bxg4 Rxg4 18. Nf3 0-0-0 19. Ne5 Nxe5 20. dxe5 Bxe5 21. f3 Bh2+ 22. Kf2 Rg3 23. a5 Rdg8 24. Ke2 Rxg2+ 25. Rf2 f4 26. Qf1 Rxf2+ 27. Bxf2 Bg3 28. Bxa7 Qe5+ 29. Kd2 Nf5 30. Qh3 Re8 31. Nd4 Rf8 32. Nxf5 Qxf5 33. Qxh6 Re8 34. Qh1 Qe6 35. Qf1 Rh8 36. Kc2 Rh2+ 37. Kb3 d4+ 38. Qc4 Rb2+ 39. Kxb2 Qxc4 40. Bxd4 Bf2 41. Bf6 Qe2+ 42. Ka3 Qxf3 43. Rf1 Qe2 44. Rh1 Be3 45. Rh8+ Kc7 46. Rh7+ Kd6 47. Rxb7 Bc1+ 48. Kb3 Qd1+ 0-1

[Event "Curitiba op"]
[Site "Curitiba"]
[Date "2016.04.23"]
[Round "5.41"]
[White "Leszczynski, Taynara"]
[Black "Bispo, Marcia de Lima"]
[Result "1-0"]
[WhiteElo "1672"]
[BlackElo "1160"]
[PlyCount "73"]
[EventDate "2016.04.21"]
[EventType "swiss"]
[EventRounds "7"]
[EventCountry "BRA"]
[SourceTitle "EXT 2022"]
[Source "ChessBase"]
[SourceDate "2021.10.06"]
[SourceVersion "1"]
[SourceVersionDate "2021.10.06"]
[SourceQuality "1"]

1. e4 e5 2. Nf3 Nc6 3. Bc4 d6 4. d4 Bg4 5. d5 Nd4 6. Be2 Nxf3+ 7. Bxf3 Bd7 8. 0-0 g6 9. c4 Bh6 10. Bxh6 Nxh6 11. Nc3 c6 12. Qd2 Ng4 13. Bxg4 Bxg4 14. h3 Bd7 15. f4 Qb6+ 16. Kh1 0-0-0 17. fxe5 dxe5 18. Rxf7 h6 19. Raf1 Qc5 20. b3 Rhf8 21. Qf2 Qxf2 22. R1xf2 Rh8 23. Rg7 Rhf8 24. Rff7 Rxf7 25. Rxf7 Be8 26. Rf6 Kc7 27. Na4 b6 28. Nc3 h5 29. Re6 c5 30. Rxe5 Bd7 31. Rg5 Rf8 32. Kg1 Rf6 33. e5 Rf5 34. Rxf5 gxf5 35. Kf2 Be8 36. Kf3 Bg6 37. Nb5+ 1-0

[Event "Paranaense-ch (Women) 2015"]
[Site "Curitiba"]
[Date "2016.01.23"]
[Round "2.1"]
[White "Leao, Cintia Rocha"]
[Black "Leszczynski, Taynara"]
[Result "1-0"]
[WhiteElo "1929"]
[BlackElo "1634"]
[PlyCount "55"]
[EventDate "2016.01.23"]
[EventType "swiss"]
[EventRounds "6"]
[EventCountry "BRA"]
[SourceTitle "EXT 2022"]
[Source "ChessBase"]
[SourceDate "2021.10.06"]
[SourceVersion "1"]
[SourceVersionDate "2021.10.06"]
[SourceQuality "1"]

1. e4 c5 2. d4 cxd4 3. c3 d3 4. Bxd3 Nc6 5. Nf3 e5 6. 0-0 Nf6 7. c4 Be7 8. Nc3 0-0 9. Bg5 d6 10. Bxf6 Bxf6 11. h3 Be6 12. Be2 Be7 13. b3 h6 14. Qc2 f5 15. Rad1 f4 16. c5 Qb8 17. cxd6 Bxd6 18. Nd5 Bxd5 19. exd5 Ne7 20. Rfe1 Re8 21. Qe4 g6 22. Bb5 Rd8 23. h4 Kf7 24. h5 Rg8 25. Nxe5+ Bxe5 26. d6 Bxd6 27. Qe6+ Kf8 28. Qf6# 1-0

[Event "Florianopolis op 2nd"]
[Site "Florianopolis"]
[Date "2016.01.19"]
[Round "5"]
[White "Souza Neves, Andrey Marcelo"]
[Black "Leszczynski, Taynara"]
[Result "1-0"]
[WhiteElo "2205"]
[BlackElo "1634"]
[PlyCount "41"]
[EventDate "2016.01.16"]
[EventType "swiss"]
[EventRounds "10"]
[EventCountry "BRA"]
[SourceTitle "CBM 170 Extra"]
[Source "ChessBase"]
[SourceDate "2016.02.25"]
[SourceVersion "1"]
[SourceVersionDate "2016.02.25"]
[SourceQuality "1"]

1. d4 c5 2. d5 d6 3. Nc3 e5 4. e4 f5 5. exf5 Bxf5 6. Bd3 Bxd3 7. Qxd3 Nf6 8. Nf3 Be7 9. Ng5 Qd7 10. Ne6 Kf7 11. 0-0 Na6 12. f4 exf4 13. Bxf4 Nc7 14. Rae1 Rhe8 15. Bh6 g6 16. Ne4 a6 17. Nxf6 Bxf6 18. Rxf6+ Kg8 19. Rxg6+ hxg6 20. Qxg6+ Kh8 21. Bg7+ 1-0

[Event "Matinhos Caioba-ch"]
[Site "Matinhos"]
[Date "2015.08.30"]
[Round "5"]
[White "Leszczynski, Taynara"]
[Black "Van Riemsdijk, Dirk Dagobert"]
[Result "1/2-1/2"]
[WhiteElo "1596"]
[BlackElo "2037"]
[PlyCount "113"]
[EventDate "2015.08.28"]
[EventType "swiss"]
[EventRounds "6"]
[EventCountry "BRA"]
[SourceTitle "EXT 2016"]
[Source "ChessBase"]
[SourceDate "2015.10.08"]
[SourceVersion "1"]
[SourceVersionDate "2015.10.08"]
[SourceQuality "1"]

1. e4 c6 2. d4 d5 3. exd5 cxd5 4. Bd3 Nc6 5. c3 g6 6. h3 Bf5 7. Bxf5 gxf5 8. Nf3 e6 9. Bf4 Bd6 10. Qd2 Nge7 11. Bxd6 Qxd6 12. Qd3 0-0-0 13. Nbd2 Kb8 14. 0-0-0 Rc8 15. Kb1 Rhg8 16. g3 Ng6 17. Rhg1 f4 18. Qe2 h5 19. Rde1 Nge7 20. Ne5 fxg3 21. fxg3 Nxe5 22. Qxe5 Qxe5 23. Rxe5 Nf5 24. g4 Rg7 25. Nf3 hxg4 26. hxg4 Nd6 27. g5 Rh8 28. g6 Nc4 29. Ree1 Rxg6 30. Rxg6 fxg6 31. b3 Rf8 32. bxc4 Rxf3 33. cxd5 exd5 34. Re5 Rxc3 35. Rxd5 Kc7 36. Rg5 Rc6 37. d5 Rf6 38. Kc2 Kd6 39. Kc3 Kc5 40. a3 Rd6 41. a4 b6 42. Kb3 Kd4 43. Kb4 a5+ 44. Kb3 Ke4 45. Kc4 Kf4 46. Rg1 g5 47. Kd4 g4 48. Rf1+ Kg5 49. Ke5 Rd8 50. Ke6 Re8+ 51. Kd7 Re4 52. d6 Rxa4 53. Kc7 Rd4 54. d7 g3 55. d8Q+ Rxd8 56. Kxd8 Kg4 57. Kc7 1/2-1/2

[Event "Matinhos Caioba-ch"]
[Site "Matinhos"]
[Date "2015.08.29"]
[Round "3"]
[White "Leszczynski, Taynara"]
[Black "Crul, Khadija de Barros"]
[Result "1-0"]
[WhiteElo "1596"]
[BlackElo "1750"]
[PlyCount "79"]
[EventDate "2015.08.28"]
[EventType "swiss"]
[EventRounds "6"]
[EventCountry "BRA"]
[SourceTitle "EXT 2016"]
[Source "ChessBase"]
[SourceDate "2015.10.08"]
[SourceVersion "1"]
[SourceVersionDate "2015.10.08"]
[SourceQuality "1"]

1. e4 e5 2. Nf3 Nc6 3. Bc4 Bc5 4. 0-0 Nf6 5. d3 h6 6. c3 d5 7. exd5 Nxd5 8. Re1 f6 9. d4 Bb6 10. dxe5 Nde7 11. exf6 gxf6 12. Qxd8+ Nxd8 13. Bf4 Ndc6 14. b4 Bd7 15. a4 a5 16. b5 Na7 17. Na3 c6 18. Bd6 Rh7 19. Bd3 f5 20. Nh4 Kd8 21. Bxe7+ Rxe7 22. Rxe7 Kxe7 23. Nxf5+ Bxf5 24. Bxf5 Rf8 25. g4 h5 26. h3 hxg4 27. hxg4 Rd8 28. Nc4 Bc5 29. Re1+ Kf8 30. Nxa5 Rb8 31. Nb3 Bb6 32. a5 Bd8 33. b6 Nb5 34. Nc5 Ra8 35. Nxb7 Nxc3 36. Bd7 Be7 37. Bxc6 Bb4 38. Kg2 Bxa5 39. Nxa5 Rxa5 40. b7 1-0

[Event "Matinhos Caioba-ch"]
[Site "Matinhos"]
[Date "2015.08.29"]
[Round "4"]
[White "Yoshioka, Andre"]
[Black "Leszczynski, Taynara"]
[Result "0-1"]
[WhiteElo "1885"]
[BlackElo "1596"]
[PlyCount "136"]
[EventDate "2015.08.28"]
[EventType "swiss"]
[EventRounds "6"]
[EventCountry "BRA"]
[SourceTitle "EXT 2016"]
[Source "ChessBase"]
[SourceDate "2015.10.08"]
[SourceVersion "1"]
[SourceVersionDate "2015.10.08"]
[SourceQuality "1"]

1. d4 c5 2. d5 d6 3. Nc3 Nf6 4. e4 e5 5. Nf3 Bg4 6. Be2 Bxf3 7. Bxf3 a6 8. a4 Nbd7 9. 0-0 g6 10. Bg5 Bg7 11. Qd2 0-0 12. Rfe1 Qc7 13. h4 h5 14. a5 Nh7 15. Bh6 f5 16. exf5 Rxf5 17. Be4 Bxh6 18. Qxh6 Rf6 19. Re3 Ndf8 20. Rg3 Qg7 21. Qd2 Kh8 22. Bf3 Qe7 23. Re1 Rf7 24. Re4 Rg7 25. Ra4 Rc8 26. Be4 c4 27. Qh6 Qf6 28. Rb4 Rc5 29. Rf3 Qd8 30. Ra4 Kg8 31. g3 Nf6 32. Qg5 N8h7 33. Qh6 Ng4 34. Qd2 Rxa5 35. Rxc4 b6 36. Ra4 Rxa4 37. Nxa4 b5 38. Nc3 Nf8 39. Qd3 Rf7 40. Rxf7 Kxf7 41. Qf3+ Kg7 42. Bd3 Qf6 43. Qxf6+ Nxf6 44. Kg2 N8d7 45. Ne4 Nxe4 46. Bxe4 Nc5 47. Kf3 Kf6 48. b4 Na4 49. Ke3 g5 50. hxg5+ Kxg5 51. Bg2 Kg4 52. Bf3+ Kg5 53. Kd2 Nb6 54. Kd3 h4 55. gxh4+ Kxh4 56. Ke4 Kg5 57. Bg2 Nc4 58. Bh3 Nb6 59. f3 Nc4 60. Bc8 a5 61. bxa5 Nxa5 62. c3 Nc4 63. Bd7 Na3 64. Be8 Nb1 65. Kd3 Kf4 66. Bh5 Na3 67. Ke2 Nc4 68. Be8 Nb6 0-1

[Event "Matinhos Caioba-ch"]
[Site "Matinhos"]
[Date "2015.08.28"]
[Round "2"]
[White "Ikeda, Vinicius Yasuto"]
[Black "Leszczynski, Taynara"]
[Result "1-0"]
[WhiteElo "1927"]
[BlackElo "1596"]
[PlyCount "109"]
[EventDate "2015.08.28"]
[EventType "swiss"]
[EventRounds "6"]
[EventCountry "BRA"]
[SourceTitle "EXT 2016"]
[Source "ChessBase"]
[SourceDate "2015.10.08"]
[SourceVersion "1"]
[SourceVersionDate "2015.10.08"]
[SourceQuality "1"]

1. d4 c5 2. d5 Nf6 3. c4 d6 4. Nc3 Bf5 5. Nf3 e5 6. Nd2 h6 7. e4 Bg6 8. Bd3 Be7 9. 0-0 0-0 10. f4 exf4 11. Rxf4 Nbd7 12. Rf1 Ne5 13. Bc2 a6 14. b3 Nfg4 15. Qe2 Bg5 16. Nf3 Bxc1 17. Raxc1 Qe7 18. Rce1 Bh5 19. Qd2 Bg6 20. Ne2 Nf6 21. Ng3 b5 22. Nxe5 Qxe5 23. Nf5 Rfe8 24. Rf4 b4 25. Qf2 Rad8 26. Nxh6+ gxh6 27. Rxf6 Kg7 28. Rf3 Qb2 29. Bb1 Qxf2+ 30. Kxf2 Re5 31. Rfe3 Rde8 32. Kf3 a5 33. g3 h5 34. Kf4 R8e7 35. Bd3 f6 36. Kf3 Ra7 37. Bc2 Rae7 38. g4 hxg4+ 39. Kxg4 f5+ 40. Kf4 fxe4 41. Bxe4 Rf7+ 42. Kg3 Rg5+ 43. Kh3 Rf8 44. Rg3 Rxg3+ 45. Kxg3 Re8 46. Kf4 Kf6 47. Re3 Bf7 48. Rh3 Kg7 49. Rh7+ Kf6 50. Rh6+ Ke7 51. Bg6 Rf8 52. Rh7 Kf6 53. Rxf7+ Rxf7 54. Bxf7 Kxf7 55. Kf5 1-0